El genio burlado (Record no. 133475)

MARC details
000 -LEADER
campo de control de longitud fija 00659nam a2200205 i 4500
001 - NÚMERO DE CONTROL
campo de control 133475
003 - IDENTIFICADOR DE NÚMERO DE CONTROL
campo de control ES-MaACL
005 - FECHA Y HORA DE LA ÚLTIMA TRANSACCIÓN
campo de control 20230906194423.0
007 - CAMPO FIJO DE DESCRIPCIÓN FÍSICA--INFORMACIÓN GENERAL
campo de control de longitud fija t|
008 - DATOS DE LONGITUD FIJA--INFORMACIÓN GENERAL
campo de control de longitud fija 070816s1957 sp ||||1| spa d
100 1# - ENTRADA PRINCIPAL--NOMBRE DE PERSONA
Nombre de persona De Wohl, Louis.
9 (RLIN) 43085
245 13 - MENCIÓN DEL TÍTULO
Título El genio burlado
Resto del título : novela /
Mención de responsabilidad, etc. Louis de Wohl ; traducción del alemán por Magdalena Galligo.
260 ## - PUBLICACIÓN, DISTRIBUCIÓN, ETC.
Lugar de publicación, distribución, etc. San Sebastián :
Nombre del editor, distribuidor, etc. Dinor,
Fecha de publicación, distribución, etc. 1957 (
Lugar de fabricación/manufactura Burgos :
Fabricante Aldecoa)
300 ## - DESCRIPCIÓN FÍSICA
Extensión 426 p. ;
Dimensiones 20 cm.
490 1# - MENCIÓN DE SERIE
Mención de serie Prisma. Novelas históricas
700 1# - ENTRADA AGREGADA--NOMBRE PERSONAL
Nombre de persona Galligo, Magdalena.
9 (RLIN) 53627
830 0# - PUNTO DE ACCESO ADICIONAL DE SERIE-TÍTULO UNIFORME
Título uniforme Prisma. Novelas históricas
9 (RLIN) 186929
852 ## - LOCALIZACIÓN
Ubicación ES-MaACL
Número de control de estantería C-14218
Sublocalización o colección R.42057
Holdings
Estatus retirado Estado de pérdida Estado de daño No para préstamo Biblioteca de origen Biblioteca actual Ubicación en estantería Fecha de adquisición Fuente de adquisición Total de préstamos Signatura topográfica completa Código de barras Visto por última vez Precio de reemplazo Tipo de ítem Koha
        Biblioteca del Ateneo de Madrid Biblioteca del Ateneo de Madrid Sala Palomar 17/01/2008     C-14218 1138950 23/02/2023 23/02/2023 Libro impreso